| 000 | 00642nam a2200253Ia 4500 | ||
|---|---|---|---|
| 001 | 15564 | ||
| 005 | 20240113235632.0 | ||
| 007 | ta | ||
| 008 | 051209s1914 a g b000 u 465 u | ||
| 040 | _aCotton College,Assam | ||
| 041 | _a465 | ||
| 082 |
_a516 _bR 448 An |
||
| 100 | _aRiggs, N.C. . | ||
| 245 | 0 |
_aAnalytic Geometry / _cN.C.Riggs. _hTextual Documents |
|
| 250 | _a1st ed. / | ||
| 260 |
_aNew York : _bMacmillan and co , _c1914. |
||
| 300 |
_a294p. : _bill ; _c19cm . |
||
| 504 | _aIndex | ||
| 653 | _aAnalytic Geometry | ||
| 653 | _aG-Mathematics | ||
| 942 |
_2ddc _cBK |
||
| 999 |
_c15550 _d15550 |
||